Вып. 3; Сборник тезисов докладов первой научной сессии вузов, объединенных Западно-Сибирским советом по координации научно-исследовательской работы (19-23 февраля 1963 г.)

Podrobná bibliografie
Parent link:Сборник тезисов докладов первой научной сессии вузов, объединенных Западно-Сибирским советом по координации научно-исследовательской работы (19-23 февраля 1963 г.): в 3 вып./ СССР, Министерство высшего и среднего специального образования ; гл. ред. К. В. Савицкий. Вып. 3.— , 1963
Jazyk:ruština
Vydáno: 1963
Témata:
Médium: MixedMaterials Kniha
KOHA link:https://koha.lib.tpu.ru/cgi-bin/koha/opac-detail.pl?biblionumber=118954

MARC

LEADER 00000nam2a2200000 4500
001 118954
005 20231031124354.0
035 |a (RuTPU)RU\TPU\book\128725 
090 |a 118954 
100 |a 20070620d1963 k y0rusy50 ca 
101 0 |a rus 
102 |a RU 
105 |a y z 100zy 
200 0 |a Вып. 3 
210 |d 1963 
215 |a 129 с. 
317 |5 63413507: КР-2233  |a Поступил в НТБ в 2017 г. в составе книжного собрания ректора ТПИ И. П. Чучалина 
461 1 |0 (RuTPU)RU\TPU\book\168745  |t Сборник тезисов докладов первой научной сессии вузов, объединенных Западно-Сибирским советом по координации научно-исследовательской работы (19-23 февраля 1963 г.)  |o в 3 вып.  |f СССР, Министерство высшего и среднего специального образования ; гл. ред. К. В. Савицкий  |v Вып. 3  |d 1963 
606 1 |a Научно-исследовательская работа  |2 stltpush  |3 (RuTPU)RU\TPU\subj\45139 
610 1 |a высшее образование 
610 1 |a научно-исследовательские работы 
610 1 |a вузы 
610 1 |a Западно-Сибирский совет 
610 1 |a химия 
610 1 |a химическая технология 
610 1 |a металлургия 
610 1 |a радиотехника 
610 1 |a электроника 
610 1 |a автоматика 
610 1 |a труды учёных ТПУ 
610 1 |a коллекция И. П. Чучалина 
610 1 |a дары библиотеке 
675 |a 62.001.5(063)  |v 3 
801 1 |a RU  |b 63413507  |c 20070620  |g PSBO 
801 2 |a RU  |b 63413507  |c 20220224  |g PSBO 
942 |c BK